000 01585nam0a2200349 4500
001 RU\NLR\bibl\90843
005 20260405221400.0
010 _a5-86383-130-8
_91000
021 _aRU
_b2000-5232
_9266
035 _a(NLR Aleph) 000088777
090 _a497278
_c497278
100 _a20000608d1999 |||y0rusy50 ca
101 0 _arus
102 _aRU
105 _aa |||||||||
200 1 _aСоциально-психологический диагностико-коррекционный инструментарий
_f[С.А. Беличева, д.психол.н., И.Ф. Дементьева, д.филос.н., М.Ю. Кондратьев, д.психол.н. и др.
_gПод ред. С.А. Беличевой, д.психол.н., проф.]
210 _aМ.
_cКонсорциум "Социальное здоровье России"
_d1999
215 _a198 c.
_cил.
_d21
320 _aБиблиогр. : с. 198
606 0 _aПодростки
_xСоциально-психологические исследования
_92137970
_3RU\NLR\auth\661288962
606 0 _aСоциальная работа
_92037175
_3RU\NLR\auth\661223020
686 _aС550.325.2
686 _aС550.473
701 1 _aБеличева
_bС. А.
_4070
701 1 _4070
_7ca
_8rus
_aДементьева
_bИ. Ф.
_f1940-
_gИзабела Федоровна
_982637
_3RU\NLR\auth\7799711
701 1 _aКондратьев
_bМ. Ю.
_4070
801 0 _aRU
_bNLR
_c20000608
_gPSBO
801 1 _aRU
_bNLR
_c20000608
852 _aNLR
_j2000-3/4873
942 _cBOOK
980 _aNB